| 000 | 01190 a2200385 4500 | ||
|---|---|---|---|
| 005 | 20260325155058.0 | ||
| 008 | 260325b |||||||| |||| 00| 0 eng d | ||
| 041 | _aEn | ||
| 044 | _aCIV | ||
| 090 | _bDG/A/1676 | ||
| 100 | _aKOUAKOU, Malanno | ||
| 100 | _aKOUADIO, Bini Kra Norbert | ||
| 100 | _a KOBENAN, Koffi Christophe | ||
| 100 | _a OCHOU, Germain Ochou | ||
| 110 | _aCentre National de Recherche Agronomique | ||
| 110 | _bCote d'Ivoire | ||
| 242 | _a GESTION DES ARTHROPODES ET ECOLOGIE APPLIQUEE : Identification moleculaire des cicadelles infestant le gombo, l'aubergine et le coton | ||
| 245 |
_aWCRC-8 special issue arthropod managment & applied ecology molecular _b: Identification of leafhoppers infesting Okra eggplant and Cotton |
||
| 260 | _aThe Journal of Cotton Science | ||
| 260 | _bCNRA | ||
| 260 | _c2025 | ||
| 302 | _a | ||
| 388 | _a2026-03-25 | ||
| 650 |
_2AGROVOC _gCote d'Ivoire |
||
| 650 | _gArthropode | ||
| 650 | _gGestion | ||
| 650 | _gEcologie | ||
| 650 | _gIdentification | ||
| 650 | _gMolecule | ||
| 650 | _gCicadelle | ||
| 650 | _gInfestation | ||
| 650 | _gGombo | ||
| 650 | _gAubergine | ||
| 650 | _gCoton | ||
| 999 |
_c6019 _d6019 |
||